[Event "Merida World Heritage op 1st"]
[Site "Merida"]
[Date "2021.08.07"]
[Round "7"]
[White "Silva, Jose Lucas Ferreira"]
[Black "Iglesias Ferreira, Andres"]
[Result "0-1"]
[WhiteElo "1455"]
[BlackElo "2112"]
[PlyCount "42"]
[EventDate "2021.08.04"]
[EventType "swiss"]
[EventRounds "9"]
[EventCountry "ESP"]
[SourceTitle "EXT 2023"]
[Source "ChessBase"]
[SourceDate "2022.10.05"]
[SourceVersion "1"]
[SourceVersionDate "2022.10.05"]
[SourceQuality "1"]

1. e4 c5 2. c4 d6 3. Nc3 Nc6 4. g3 g6 5. Bg2 Bg7 6. Nge2 Nf6 7. d3 0-0 8. a3 a6 9. Rb1 Ne8 10. b4 Bd7 11. 0-0 b6 12. f4 Nc7 13. Be3 Ne6 14. h3 Ned4 15. g4 cxb4 16. axb4 b5 17. cxb5 axb5 18. Nxd4 Bxd4 19. Bxd4 Nxd4 20. Qd2 Ra3 21. f5 Rxc3 0-1

[Event "Merida World Heritage op 1st"]
[Site "Merida"]
[Date "2021.08.05"]
[Round "2"]
[White "Draghici Flutur, Gavril"]
[Black "Silva, Jose Lucas Ferreira"]
[Result "1-0"]
[WhiteElo "2072"]
[BlackElo "1455"]
[PlyCount "57"]
[EventDate "2021.08.04"]
[EventType "swiss"]
[EventRounds "9"]
[EventCountry "ESP"]
[SourceTitle "EXT 2023"]
[Source "ChessBase"]
[SourceDate "2022.10.05"]
[SourceVersion "1"]
[SourceVersionDate "2022.10.05"]
[SourceQuality "1"]

1. e4 c5 2. d4 cxd4 3. c3 Nf6 4. e5 Nd5 5. Nf3 Nc6 6. cxd4 d6 7. Bc4 e6 8. 0-0 a6 9. Bg5 Be7 10. h4 h6 11. Bxe7 Ncxe7 12. Qe2 0-0 13. Nc3 Nxc3 14. bxc3 Ng6 15. g3 b5 16. Bd3 d5 17. a4 bxa4 18. Rxa4 a5 19. Rfa1 Bd7 20. R4a3 Qc7 21. Nd2 Ne7 22. Nb3 f6 23. exf6 Rxf6 24. Nc5 Raf8 25. Rxa5 Bc8 26. f4 g5 27. hxg5 hxg5 28. Qh5 R6f7 29. Qxg5+ 1-0

[Event "Figueira da Foz op 14th"]
[Site "Figueira da Foz"]
[Date "2020.10.30"]
[Round "8"]
[White "Silva, Jose Lucas Ferreira"]
[Black "Santos, Luis M"]
[Result "0-1"]
[WhiteElo "1336"]
[BlackElo "2269"]
[PlyCount "48"]
[EventDate "2020.10.24"]
[EventType "swiss"]
[EventRounds "9"]
[EventCountry "POR"]
[SourceTitle "CBM 199 Extra"]
[Source "ChessBase"]
[SourceDate "2021.01.31"]
[SourceVersion "1"]
[SourceVersionDate "2021.01.31"]
[SourceQuality "1"]

1. e4 e5 2. Nf3 Nc6 3. d4 exd4 4. Bc4 Be7 5. Nxd4 Nxd4 6. Qxd4 Nf6 7. Nc3 d6 8. 0-0 c5 9. Qd3 0-0 10. Nd5 Be6 11. Rd1 Nxd5 12. Bxd5 Qd7 13. Bf4 Rfd8 14. Qg3 g6 15. Qc3 Bf8 16. Bg5 Bg7 17. Bf6 Bxf6 18. Qxf6 Re8 19. e5 dxe5 20. Qxe5 Bg4 21. Qc3 Bxd1 22. Rxd1 Qe7 23. Qf3 Qe1+ 24. Rxe1 Rxe1# 0-1

[Event "Pombal op 11th"]
[Site "Pombal"]
[Date "2020.10.04"]
[Round "5"]
[White "Silva, Jose Lucas Ferreira"]
[Black "Ribeiro, Orlando Camilo Duar"]
[Result "0-1"]
[WhiteElo "1336"]
[BlackElo "1790"]
[PlyCount "192"]
[EventDate "2020.10.02"]
[EventType "swiss"]
[EventRounds "7"]
[EventCountry "POR"]
[SourceTitle "CBM 198 Extra"]
[Source "ChessBase"]
[SourceDate "2020.11.30"]
[SourceVersion "1"]
[SourceVersionDate "2020.11.30"]
[SourceQuality "1"]

1. e4 c5 2. c4 Nc6 3. Nc3 g6 4. g3 Bg7 5. Bg2 e6 6. Nge2 Nge7 7. d3 0-0 8. a3 a6 9. Rb1 Qa5 10. Bd2 Ne5 11. Qc2 f5 12. f4 Nf7 13. e5 Qc7 14. b4 d6 15. exd6 Qxd6 16. bxc5 Qxc5 17. Na4 Qa7 18. Bb4 Re8 19. Bc5 Qb8 20. Nb6 Nc6 21. Bxc6 bxc6 22. Nxa8 Qxa8 23. Qb3 Bd7 24. d4 g5 25. Kf2 Qd8 26. Rbd1 Qf6 27. Qe3 Nh6 28. h3 Nf7 29. Bb4 c5 30. Bxc5 Bc6 31. Rh2 g4 32. h4 Bh6 33. Qc3 Bf3 34. Re1 Rc8 35. Qb4 Qd8 36. Qb6 Qd7 37. Nc3 Rc6 38. Qa5 e5 39. fxe5 Bd2 40. Rb1 Rxc5 41. Qxc5 Bxc3 42. Rb8+ Nd8 43. Qd6 Bxd4+ 44. Kf1 Qxd6 45. exd6 Bf6 46. Rd2 Kf7 47. c5 h5 48. Rc8 f4 49. Kf2 Bc3 50. Rc2 Bd4+ 51. Kf1 Nc6 52. d7 Bf6 53. Rd2 Nd8 54. Rd6 Be7 55. Rh6 Kg7 56. Rxh5 fxg3 57. Rf5 g2+ 58. Kg1 Bc6 59. Rg5+ Kf7 60. Rxg4 Bxc5+ 61. Kh2 Bd6+ 62. Kg1 Bxd7 63. Rxd8 Bc5+ 64. Kxg2 Bxg4 65. a4 a5 66. Rd5 Bb4 67. Kg3 Be6 68. Rd3 Kg6 69. Re3 Bd7 70. Kh2 Bxa4 71. Re6+ Kh5 72. Kg3 Bd7 73. Re5+ Kg6 74. Rg5+ Kh6 75. Rd5 Be6 76. Rb5 Bd7 77. Rb7 Be8 78. Kg4 Bf8 79. Rb6+ Kg7 80. Rb7+ Kg8 81. h5 a4 82. Kg5 a3 83. Ra7 Bf7 84. h6 a2 85. h7+ Kh8 86. Kf6 Bb3 87. Kg6 Bc2+ 88. Kf7 Bc5 89. Ra5 Kxh7 90. Ke8 Bb3 91. Rxc5 a1Q 92. Rb5 Kg6 93. Kd7 Ba4 94. Kd8 Bxb5 95. Kc8 Qa7 96. Kd8 Qd7# 0-1

[Event "Pombal op 11th"]
[Site "Pombal"]
[Date "2020.10.03"]
[Round "3"]
[White "Silva, Jose Lucas Ferreira"]
[Black "Correia, Mario Rui Costa"]
[Result "0-1"]
[WhiteElo "1336"]
[BlackElo "2085"]
[PlyCount "56"]
[EventDate "2020.10.02"]
[EventType "swiss"]
[EventRounds "7"]
[EventCountry "POR"]
[SourceTitle "CBM 198 Extra"]
[Source "ChessBase"]
[SourceDate "2020.11.30"]
[SourceVersion "1"]
[SourceVersionDate "2020.11.30"]
[SourceQuality "1"]

1. e4 d5 2. exd5 Nf6 3. d4 Bg4 4. Be2 Bxe2 5. Nxe2 Qxd5 6. Nf4 Qf5 7. Qf3 Nc6 8. d5 Nd4 9. Qc3 Nxc2+ 10. Kf1 0-0-0 11. Na3 Nxa1 12. Nb5 Qc2 13. Na3 Qxc3 14. bxc3 Nxd5 15. Nxd5 Rxd5 16. Ke2 e6 17. c4 Ra5 18. Nb5 Rxa2+ 19. Bd2 Nb3 20. Rd1 Bb4 21. Kf3 Nxd2+ 22. Kg3 Rd8 23. h3 Ne4+ 24. Kh2 Rxd1 25. Nxa7+ Rxa7 26. c5 Raa1 27. g3 Ng5 28. f4 Rd2# 0-1

[Event "Famalicao op 5th"]
[Site "Famalicao"]
[Date "2017.08.03"]
[Round "7"]
[White "Guimaraes, Henrique"]
[Black "Silva, Jose Lucas Ferreira"]
[Result "1-0"]
[WhiteElo "1189"]
[BlackElo "1024"]
[PlyCount "93"]
[EventDate "2017.07.29"]
[EventType "swiss"]
[EventRounds "9"]
[EventCountry "POR"]
[SourceTitle "EXT 2018"]
[Source "ChessBase"]
[SourceDate "2017.10.13"]
[SourceVersion "1"]
[SourceVersionDate "2017.10.13"]
[SourceQuality "1"]

1. e4 e5 2. Nf3 Nc6 3. Bc4 Bc5 4. c3 Nf6 5. d3 d6 6. Bb3 0-0 7. Bg5 Ne7 8. Bxf6 gxf6 9. h3 Kh8 10. Nbd2 Rg8 11. g4 d5 12. Qe2 Be6 13. Bc2 dxe4 14. Nxe4 b6 15. Nxf6 Rg6 16. g5 Bf5 17. Nxe5 Rg7 18. Nh5 Qg8 19. Nxg7 Qxg7 20. Nf3 Re8 21. 0-0-0 Qg8 22. Bb3 Ng6 23. Qd2 Bd6 24. Kb1 Nf4 25. Rde1 Rxe1+ 26. Nxe1 Nxh3 27. Nf3 Nf4 28. Bc2 Qg6 29. Rh6 Qg7 30. Rxd6 cxd6 31. Qxf4 Bg6 32. Qxd6 h6 33. Qf6 Qxf6 34. gxf6 h5 35. d4 Kh7 36. d5 Bxc2+ 37. Kxc2 Kg6 38. Kd3 Kxf6 39. Ke4 Ke7 40. Ke5 f6+ 41. Kf5 Kd6 42. c4 b5 43. b3 a5 44. Kxf6 a4 45. Nh4 axb3 46. axb3 bxc4 47. bxc4 1-0

[Event "Famalicao op 5th"]
[Site "Famalicao"]
[Date "2017.07.30"]
[Round "3"]
[White "Silva, Pedro Gil Ferreira"]
[Black "Silva, Jose Lucas Ferreira"]
[Result "1-0"]
[WhiteElo "1637"]
[BlackElo "1024"]
[PlyCount "63"]
[EventDate "2017.07.29"]
[EventType "swiss"]
[EventRounds "9"]
[EventCountry "POR"]
[SourceTitle "EXT 2018"]
[Source "ChessBase"]
[SourceDate "2017.10.13"]
[SourceVersion "1"]
[SourceVersionDate "2017.10.13"]
[SourceQuality "1"]

1. e4 e5 2. Nf3 Nc6 3. Bc4 Bc5 4. c3 Nf6 5. d3 h6 6. Nbd2 d6 7. Bb3 0-0 8. 0-0 Bg4 9. h3 Bh5 10. Re1 Na5 11. Bc2 Re8 12. b4 Bb6 13. a4 c5 14. bxa5 Bxa5 15. Bb2 d5 16. Nb3 d4 17. Nxa5 Qxa5 18. c4 Rad8 19. Qd2 Qxd2 20. Nxd2 Re6 21. Bd1 Bxd1 22. Raxd1 Nh7 23. Nf3 Rde8 24. Kh2 Rg6 25. Nh4 Rg5 26. Nf5 Re6 27. Bc1 Rh5 28. g4 Rxf5 29. gxf5 Re7 30. Rg1 Ng5 31. Bxg5 hxg5 32. Rxg5 1-0